| 000 | 02703cam a2201165 4500 | ||
|---|---|---|---|
| 001 | a4551678 | ||
| 003 | SpMaBN | ||
| 005 | 20250813185707.0 | ||
| 008 | 090619s2009 sp a | |||| 001 0 spa | ||
| 015 | _aMON09 | ||
| 017 |
_aM 20177-2009 _bOficina Depósito Legal Madrid |
||
| 020 | _a9788420681993 | ||
| 035 | _a(OCoLC)639173322 | ||
| 040 |
_aSpMaBN _bspa _cSpMaBN _erdc |
||
| 080 | _a338.27(100) | ||
| 082 |
_223 _a330.9 _bR427o |
||
| 100 | 1 |
_aRequeijo, Jaime _0XX877606 _eautor. |
|
| 245 | 1 | 0 |
_aOdisea 2050 : _bLa economía mundial del siglo XXI / _cJaime Requeijo. |
| 264 |
_aMadrid : _bAlianza Editorial, _c[2009]. |
||
| 300 |
_a197 páginas : _bIlustrado con gráficos ; _c23 centímetros. |
||
| 500 | _aIncluye notas e índice analítico | ||
| 505 | _aLos gigantes en el túnel -- Los señores de la energía -- Cigarras y Hormigas -- En busca de Shangri-la -- Más años a la vida, más vida a los años -- La revolución permanente -- Desde la atalaya española. | ||
| 526 | _aP202 | ||
| 526 | _aP201 | ||
| 526 | _aP163 | ||
| 526 | _aP162 | ||
| 526 | _aP161 | ||
| 526 | _aP160 | ||
| 526 | _aP148 | ||
| 526 | _aP147 | ||
| 526 | _aP146 | ||
| 526 | _aP145 | ||
| 526 | _aP144 | ||
| 526 | _aP143 | ||
| 526 | _aP142 | ||
| 526 | _aP141 | ||
| 526 | _aP140 | ||
| 526 | _aP139 | ||
| 526 | _aP138 | ||
| 526 | _aP137 | ||
| 526 | _aP136 | ||
| 526 | _aP135 | ||
| 526 | _aP134 | ||
| 526 | _aP133 | ||
| 526 | _aP129 | ||
| 526 | _aP128 | ||
| 526 | _aP127 | ||
| 526 | _aP120 | ||
| 526 | _aP119 | ||
| 526 | _aP118 | ||
| 526 | _aP116 | ||
| 526 | _aP115 | ||
| 526 | _aP114 | ||
| 526 | _aP110 | ||
| 526 | _aP109 | ||
| 526 | _aP108 | ||
| 526 | _aP104 | ||
| 526 | _aP103 | ||
| 526 | _aP102 | ||
| 526 | _aP99 | ||
| 526 | _aP98 | ||
| 526 | _aP97 | ||
| 526 | _aP96 | ||
| 526 | _aP95 | ||
| 526 | _aP93 | ||
| 526 | _aP90 | ||
| 526 | _aP89 | ||
| 526 | _aP88 | ||
| 526 | _aP83 | ||
| 526 | _aP82 | ||
| 526 | _aP62 | ||
| 526 | _aP59 | ||
| 526 | _aP58 | ||
| 526 | _aP57 | ||
| 526 | _aP51 | ||
| 526 | _aP49 | ||
| 526 | _aP48 | ||
| 526 | _aP47 | ||
| 526 | _aP29 | ||
| 526 | _aP24 | ||
| 526 | _aP20 | ||
| 526 | _aP19 | ||
| 526 | _aP17 | ||
| 526 | _aP15 | ||
| 526 | _aP14 | ||
| 526 | _aP12 | ||
| 526 | _aP10 | ||
| 526 | _aP09 | ||
| 526 | _aP08 | ||
| 526 | _aP07 | ||
| 526 | _aP06 | ||
| 526 | _aP05 | ||
| 526 | _aP04 | ||
| 526 | _aP01 | ||
| 650 | 1 | 7 |
_aPrevisión económica _2embne |
| 650 | 2 | 7 |
_aEconomía internacional _ySiglo XXI _93934 |
| 942 |
_2ddc _cBK _n0 |
||
| 956 | _a2 | ||
| 980 |
_618228 _aChristian Lazo Analista Documental _81 _gALBERTO SANCHEZ Responsable de Automatización |
||
| 999 |
_c62365 _d62364 |
||